XVIII Докучаевские молодежные чтения "Деградация почв и продовольственная безопасность России", 2-5 марта 2015 года, Санкт-Петербург (Запись № 9915225)
[ простой вид ]
| 000 -МАРКЕР | |
|---|---|
| контрольное поле | 03110nam0a2200409 i 4500 |
| 001 - ИДЕНТИФИКАТОР ЗАПИСИ | |
| контрольное поле | RU\NLR\BIBL_A\010744034 |
| 005 - ИДЕНТИФИКАТОР ВЕРСИИ | |
| контрольное поле | 20240921213755.0 |
| 021 ## - НОМЕР ГОСУДАРСТВЕННОЙ РЕГИСТРАЦИИ | |
| Код страны | Российская Федерация |
| Номер | 15-20350 |
| 035 ## - ДРУГИЕ СИСТЕМНЫЕ НОМЕРА | |
| Идентификатор записи | (NILC)RuMoRGB-007892839 |
| 035 ## - ДРУГИЕ СИСТЕМНЫЕ НОМЕРА | |
| Идентификатор записи | (NLR Aleph) 010744034 |
| 100 ## - ДАННЫЕ ОБЩЕЙ ОБРАБОТКИ | |
| Данные общей обработки | 20150505d2015 k y0rusy50 ca |
| 101 0# - ЯЗЫК РЕСУРСА | |
| Язык текста, звукозаписи и т.д. | русский |
| -- | английский |
| 102 ## - СТРАНА ПУБЛИКАЦИИ ИЛИ ПРОИЗВОДСТВА | |
| Страна публикации | Российская Федерация |
| 105 ## - ПОЛЕ КОДИРОВАННЫХ ДАННЫХ: ТЕКСТОВЫЕ МАТЕРИАЛЫ, МОНОГРАФИЧЕСКИЕ | |
| Кодированные данные о монографическом текстовом документе | a|||z|||111yy |
| 200 1# - ЗАГЛАВИЕ И СВЕДЕНИЯ ОБ ОТВЕТСТВЕННОСТИ | |
| Основное заглавие | XVIII Докучаевские молодежные чтения "Деградация почв и продовольственная безопасность России", 2-5 марта 2015 года, Санкт-Петербург |
| Сведения, относящиеся к заглавию | материалы Международной научной конференции |
| -- | посвящается Международному году почв 2015 |
| 210 ## - ПУБЛИКАЦИЯ, РАСПРОСТРАНЕНИЕ И ДР. | |
| Место издания, распространения и т.д. | Санкт-Петербург |
| Имя издателя, распространителя и т. д. | Издательский дом С.-Петербургского государственного университета |
| Дата издания, распространения и т.д. | 2015 |
| 215 ## - ФИЗИЧЕСКАЯ ХАРАКТЕРИСТИКА | |
| Специфическое обозначение материала и объем | 424, [1] с. |
| Другие сведения о физической характеристике | ил. |
| Размеры | 20 |
| 300 ## - ОБЩИЕ ПРИМЕЧАНИЯ | |
| Текст примечания | На обл.: Деградация почв и продовольственная безопасность России: материалы XVIII Докучаевских молодежных чтений, 2-5 марта 2015 года, Санкт-Петербург |
| 300 ## - ОБЩИЕ ПРИМЕЧАНИЯ | |
| Текст примечания | В надзаг.: Санкт-Петербургский гос. ун-т, Ин-т наук о земле, ФГБНУ "Центр. музей почвоведения", Межрегион. общ. орг. "Природоохр. союз" [и др.] |
| 300 ## - ОБЩИЕ ПРИМЕЧАНИЯ | |
| Текст примечания | Часть текста на англ. яз. |
| 320 ## - ПРИМЕЧАНИЯ О НАЛИЧИИ В ДОКУМЕНТЕ БИБЛИОГРАФИИ / УКАЗАТЕЛЯ | |
| Текст примечания | Библиогр. в конце ст. |
| 320 ## - ПРИМЕЧАНИЯ О НАЛИЧИИ В ДОКУМЕНТЕ БИБЛИОГРАФИИ / УКАЗАТЕЛЯ | |
| Текст примечания | Алф. список авт. в конце кн. |
| 512 1# - ЗАГЛАВИЕ ОБЛОЖКИ | |
| Заглавие обложки | Деградация почв и продовольственная безопасность России |
| Сведения, относящиеся к заглавию | материалы XVIII Докучаевских молодежных чтений, 2-5 марта 2015 года, Санкт-Петербург |
| 532 11 - РАСШИРЕННОЕ ЗАГЛАВИЕ | |
| Заглавие | Восемнадцатые Докучаевские молодежные чтения "Деградация почв и продовольственная безопасность России" |
| 606 1# - НАИМЕНОВАНИЕ ТЕМЫ КАК ПРЕДМЕТ | |
| Наименование темы | Почвы |
| Формальный подзаголовок | Съезды, совещания и т.п |
| Тематический подзаголовок | Деградация |
| Географический подзаголовок | Российская Федерация |
| Системный номер авторитетной/нормативной записи | 2288913 |
| Идентификатор авторитетной/нормативной записи | RU\NLR\AUTH\661370930 |
| 606 1# - НАИМЕНОВАНИЕ ТЕМЫ КАК ПРЕДМЕТ | |
| Наименование темы | Продовольственная безопасность |
| Формальный подзаголовок | Съезды, совещания и т.п |
| Географический подзаголовок | Российская Федерация |
| Системный номер авторитетной/нормативной записи | 2162231 |
| Идентификатор авторитетной/нормативной записи | RU\NLR\AUTH\661301191 |
| 610 0# - НЕКОНТРОЛИРУЕМЫЕ ПРЕДМЕТНЫЕ ТЕРМИНЫ | |
| Предметный термин | деградация почв |
| 686 1# - ИНДЕКСЫ ДРУГИХ КЛАССИФИКАЦИЙ | |
| Индекс | П064(2Р)я431(0) |
| 686 1# - ИНДЕКСЫ ДРУГИХ КЛАССИФИКАЦИЙ | |
| Индекс | П032.231(2Р)я431(0) |
| 686 1# - ИНДЕКСЫ ДРУГИХ КЛАССИФИКАЦИЙ | |
| Индекс | У9(2)-982(2Р) |
| 710 12 - НАИМЕНОВАНИЕ ОРГАНИЗАЦИИ - ПЕРВИЧНАЯ ОТВЕТСТВЕННОСТЬ | |
| Начальный элемент ввода | Докучаевские молодежные чтения |
| Порядковый номер временной организации и / или порядковый номер ее части | 18 |
| Место проведения временной организации | Санкт-Петербург |
| Дата проведения временной организации | 2015 |
| Системный номер авторитетной/нормативной записи | 464831 |
| Идентификатор авторитетной/нормативной записи | RU\NLR\AUTH\880398976 |
| 801 #0 - ИСТОЧНИК ЗАПИСИ | |
| Страна | Российская Федерация |
| Организация | РГБ |
| Дата составления | 20150320 |
| Правила каталогизации | RCR |
| 942 ## - ДОПОЛНИТЕЛЬНЫЕ ЭЛЕМЕНТЫ ЗАПИСИ (АБИС) | |
| Тип экземпляра АБИС | Книга |
| 980 ## - КОЛЛЕКЦИЯ | |
| Название коллекции | НБР |
Нет доступных экземпляров.